Sustainable and Responsible Entrepreneurship and Key Drivers of Performance

Saved in:
Bibliographic Details
Other Authors: Chowdhry, Divya, Duhan, Punita, MacGregor, Radka, Pakšiová, Renáta, 1974-, Vargas-Hernández, José G.
Format: Book
Language:English
Published: Hershey IGI Global 2021
Edition:1st Edition
Subjects:
Tags: Add Tag
No Tags, Be the first to tag this record!

MARC

LEADER 00000nam a2200000 4500
001 0299749
005 20240502084012.2
020 |a 978-17-998-7951-0 
020 |a 978-17-998-7953-4 
041 0 |a eng 
044 |a US 
245 1 0 |a Sustainable and Responsible Entrepreneurship and Key Drivers of Performance  |c Cristina Raluca Gh. Popescu, Rahul Verma 
250 |a 1st Edition 
264 1 |a Hershey  |b IGI Global  |c 2021 
300 |a 336 s. [16,8 AH] 
610 2 0 |a podnikanie zodpovedné 
610 2 0 |a udržateľnosť 
610 2 0 |a zodpovednosť podniku spoločenská 
610 2 0 |a výkonnosť podniku 
610 2 0 |a environmentalistika 
610 2 0 |a politika environmentálna 
700 1 |a Chowdhry, Divya 
700 1 |a Duhan, Punita 
700 1 |a MacGregor, Radka 
700 1 |a Pakšiová, Renáta, 1974- 
700 1 |a Vargas-Hernández, José G.